Science and technology in ancient Indian texts / (Record no. 143658)

MARC details
000 -LEADER
fixed length control field 00608nam a22001937a 4500
005 - DATE AND TIME OF LATEST TRANSACTION
control field 20230406105624.0
010 ## - LCCN (DPL NO)
LC control number ENG-119921
020 ## - INTERNATIONAL STANDARD BOOK NUMBER
Terms of availability 500.00
International Standard Book Number 9788124606322
020 ## - INTERNATIONAL STANDARD BOOK NUMBER
Terms of availability 500.00
International Standard Book Number 8124606323
035 ## - SYSTEM CONTROL NUMBER
System control number EN-103453
037 ## - SOURCE OF ACQUISITION
Source of stock number/acquisition DBAD/PUB
082 ## - DEWEY DECIMAL CLASSIFICATION NUMBER
Classification number 500SCI
245 ## - TITLE STATEMENT
Title Science and technology in ancient Indian texts /
Statement of responsibility, etc edited by Bal Ram Singh...[et..al]
260 ## - PUBLICATION, DISTRIBUTION, ETC. (IMPRINT)
Place of publication, distribution, etc New Delhi
Name of publisher, distributor, etc D.K. Printworld
Date of publication, distribution, etc 2012
270 ## - ADDRESS
Address Vedasri, F-395, Sudarshan Park
City New Delhi
Postal code 110015
300 ## - PHYSICAL DESCRIPTION
Extent xiv,318p. :
Dimensions 23cm(Hb)
Other physical details ill.
500 ## - GENERAL NOTE
General note Includes index
942 ## - ADDED ENTRY ELEMENTS (KOHA)
Source of classification or shelving scheme Dewey Decimal Classification
Item type English Books
Classification part 500
Call number suffix SCI
Holdings
Withdrawn status Lost status Not for loan Collection code Home library Current library Date acquired Source of acquisition Cost, normal purchase price Full call number Barcode Copy number Cost, replacement price Koha item type
      Non-fiction Patel Nagar Patel Nagar 22/08/2017 DBAD/PUB 500.00 500 SCI EN-103453 1 500.00 English Books

© Delhi Public Library
Hit Counter
free hit counter